Sports Quiz

Random Sports or NHL Quiz
Score 0/20 Timer 05:00
0 Plays Today
% Correct
New York Rangers
99.3%
Florida Panthers
98.7%
Nashville Predators
95.7%
New York Islanders
94%
Chicago Blackhawks
90.3%
Minnesota Wild
88.3%
Dallas Stars
88.3%
New Jersey Devils
86%
Carolina Hurricanes
83.3%
Edmonton Oilers
82.7%
% Correct
New York Islanders
81.7%
Calgary Flames
75%
Columbus Blue Jackets
74%
Colorado Avalanche
65.3%
Colorado Avalanche
58%
Colorado Avalanche
49.3%
Dallas Stars
48.7%
Washington Capitals
42.3%
Detroit Red Wings
40.7%
St Louis Blues
29%

You're not logged in!

Compare scores with friends on all Sporcle quizzes.
OR
Log In

Sporcle TV

Today on Sporcle TV


Watch our educational content, quiz creation guides, and fun videos on Sporcle TV.

Show Comments

Extras

Top Quizzes Today


Score Distribution

Paid Content

Your Account Isn't Verified!

In order to create a playlist on Sporcle, you need to verify the email address you used during registration. Go to your Sporcle Settings to finish the process.

Report this User

Report this user for behavior that violates our Community Guidelines.

Details: